[Event "MCR mladeze, Kouty 2018 - D10"]
[Site "Kouty nad Desnou"]
[Date "2018.03.16"]
[Round "8"]
[White "Dobsa, Emma"]
[Black "Janouskova, Adela"]
[Result "0-1"]
[WhiteElo "1195"]
[BlackElo "1399"]
[EventDate "2018.03.10"]

1. e4  e5  2. Nf3  Nc6
3. Bc4  Bc5  4. c3
d6  5. d3  h6
6. O-O  Bg4  7. Nbd2  Qd7
8. h3  Bh5  9. Re1
Nf6  10. Nf1  O-O
11. Ng3  Bg6  12. Nh4
Bh7  13. Qf3  Na5
14. Bb3  Nxb3  15. axb3
a6  16. Ngf5  Bxf5
17. Nxf5  Ne8  18. Qg4
Kh7  19. d4  exd4
20. cxd4  Bb6  21. Re3
g6  22. Nxh6  Qxg4
23. Nxg4  Bxd4  24. Rd3
Bc5  25. e5  Ng7
26. Nf6+  Kh8  27. Bh6
Rfd8  28. Rc3  Bb6
29. Bf4  Ne6  30. Bh2
Bd4  31. Ra4  Bxc3
32. Rh4+  Kg7  33. Rh7+
Kf8  34. Rh8+  Ke7
35. Nd5+  Kd7  36. Nf6+
Kc6  37. Rxd8  Rxd8
38. bxc3  b5  39. c4
bxc4  40. bxc4  a5
41. Kf1  a4  42. Ke1
a3 43. Nd5  Kc5  44. Nc3
Ra8  45. Kd2  a2
46. Nxa2  Rxa2+  47. Ke3
dxe5  48. Bxe5  Kxc4
49. Bxc7  Nxc7  50. Ke4
Rxf2  51. Ke5  Rxg2
52. Kf6  Rh2  53. Kxf7
Rxh3  54. Kxg6  Ne6
55. Kf6  Rh5  56. Kg6
Nf4+  57. Kf6  Ng2
58. Kg6  Ra5  59. Kf6
Kd4  60. Ke6  Rb5
61. Kf6  Ke4 0-1

[Event "MCR mladeze, Kouty 2018 - D10"]
[Site "Kouty nad Desnou"]
[Date "2018.03.16"]
[Round "8"]
[White "Dudkova, Josefina"]
[Black "Zadrapova, Amalie"]
[Result "0-1"]
[WhiteElo "1182"]
[BlackElo "1141"]
[EventDate "2018.03.10"]

1. e4  c5  2. Nf3  d6
3. d4  cxd4  4. Nxd4
Nf6  5. Nc3  g6
6. f4  Nc6  7. Nxc6  bxc6
8. e5  Bg4  9. Be2
Bxe2  10. Nxe2  dxe5
11. Qxd8+  Rxd8  12. fxe5
Ng4  13. Bf4  Bg7
14. e6  fxe6  15. c3
O-O  16. O-O  Be5
17. Bxe5  Nxe5  18. Rxf8+
Rxf8  19. Rd1  Nc4
20. Rd7  Rf7  21. Rxa7
Ne3  22. Ng3  h5
23. h3  h4  24. Ne4
Rf1+  25. Kh2  Nf5
26. a4  Kf7  27. a5
Re1  28. Nc5  Ng3
29. a6  Rh1# 0-1

[Event "MCR mladeze, Kouty 2018 - D10"]
[Site "Kouty nad Desnou"]
[Date "2018.03.16"]
[Round "8"]
[White "Veverkova, Dorota"]
[Black "Hetfleischova, Elen"]
[Result "1-0"]
[WhiteElo "1086"]
[BlackElo "1250"]
[EventDate "2018.03.10"]

1. e4  c5  2. Nf3  b6
3. d4  cxd4  4. Nxd4
Bb7  5. Nc3  a6
6. Be2  e6  7. Be3  d5
8. exd5  exd5  9. Qd3
Nf6  10. Bg5  Bc5
11. O-O-O  O-O  12. h4
Nbd7  13. h5  Ne5
14. Qg3  Re8  15. h6
g6  16. f4  Nc4
17. Bxc4  dxc4  18. Nf5  Qc8
19. Bxf6  Qxf5  20. Bg7
Be3+  21. Kb1  Bxf4
22. Qf2  f6  23. Rhe1
b5  24. Qb6  Qc8
25. Rxe8+  Qxe8  26. Qxb7
Rb8  27. Qxa6  b4
28. Nd5  Bg5  29. Qxc4
Rc8  30. Nxf6# 1-0

[Event "MCR mladeze, Kouty 2018 - D10"]
[Site "Kouty nad Desnou"]
[Date "2018.03.16"]
[Round "8"]
[White "Sikorova, Jana"]
[Black "Hrbkova, Johana"]
[Result "1-0"]
[WhiteElo "1295"]
[BlackElo "1093"]
[EventDate "2018.03.10"]

1. d4  e6  2. Bf4  c5
3. c3  Qb6  4. Qb3
cxd4  5. Qxb6  axb6
6. cxd4  d5  7. Nf3
Bb4+  8. Nbd2  Nf6
9. e3  O-O  10. Be2
Ne4  11. a3  Bd7
12. Rc1  Bxd2+  13. Nxd2
Bc6  14. Nxe4  dxe4
15. Rc3  Nd7  16. f3
Nf6  17. Rb3  exf3 18. Bxf3
Bxf3  19. gxf3  Nd5
20. Bg3  Rfc8  21. O-O
Rc6  22. e4  Nf6
23. Be1  Re8  24. Bc3
h6  25. Re1  Nd7
26. Rb5  f6  27. e5
fxe5  28. dxe5  Rf8
29. Rf1  Rf5  30. f4
Rc4  31. Rb4  Rxb4
32. Bxb4  Nc5  33. Bd2
Nd3  34. b4  g5
35. Rf3  Nxf4  36. Bxf4  gxf4
37. Rh3  Rxe5  38. Rxh6
Re3  39. Rf6  f3
40. Kf2  Rxa3  41. Rxf3
Rxf3+  42. Kxf3  Kf7
43. h4  Kg6  44. Kf4
Kh5  45. Ke5  Kxh4
46. Kxe6  Kg5  47. Kd6
Kf5  48. Kc7  Ke5
49. Kxb7  Kd5  50. Kxb6
Kd6  51. b5  Kd7
52. Ka7  Kc7  53. b6+
Kc8  54. b7+  Kc7
55. b8=Q+  Kd7  56. Qb6
Ke7  57. Ka6  Kd7
58. Kb5  Ke7  59. Kc5
Kd7  60. Qa6  Kc7
61. Qa7+  Kc8  62. Kb6
Kd8  63. Kc6  Ke8
64. Kd6  Kf8  65. Ke6
Ke8  66. Qe7#  1-0

[Event "MCR mladeze, Kouty 2018 - D10"]
[Site "Kouty nad Desnou"]
[Date "2018.03.16"]
[Round "8"]
[White "Cinkova, Vicky"]
[Black "Myskova, Veronika"]
[Result "1-0"]
[WhiteElo "1100"]
[BlackElo "1135"]
[EventDate "2018.03.10"]

1. d4  d5  2. c4  Nc6
3. cxd5  Qxd5  4. Nc3
Qd8  5. Nf3  Nf6
6. e4  Bg4  7. Bb5
e6  8. d5  exd5
9. exd5  a6  10. dxc6  axb5
11. Qe2+  Be7  12. Qxb5
bxc6  13. Qxc6+  Bd7
14. Qc4  O-O  15. O-O
Bc8  16. Rd1  Qe8
17. Nb5  Bd8  18. Bg5
Qe7  19. Re1  Qd7
20. Rad1  Qf5  21. Re5
Qg4  22. Rd4  Be6
23. Qc6  Qxd4  24. Nbxd4
Rxa2  25. Nxe6  fxe6
26. Qxe6+  Kh8  27. Qxa2
Ng4  28. Re4  Bxg5
29. Nxg5  Nxf2  30. Re8
Rxe8  31. Nf7+  Kg8
32. Nd6+  Kh8  33. Nxe8
Ng4  34. Qa8  Nh6
35. Nf6+  Ng8  36. Qxg8#
1-0

[Event "MCR mladeze, Kouty 2018 - D10"]
[Site "Kouty nad Desnou"]
[Date "2018.03.16"]
[Round "8"]
[White "Filipova, Vanesa"]
[Black "Reznickova, Sibyla"]
[Result "0-1"]
[WhiteElo "1247"]
[BlackElo "1101"]
[EventDate "2018.03.10"]

1. e4  c5  2. Nf3  Nc6
3. d4  cxd4  4. Nxd4
e5  5. Nb5  d6
6. Be3  a6  7. N5c3  Be6
8. b3  Nf6  9. Bg5
Be7  10. Be2  h6
11. Bc4  hxg5  12. Qd2
g4  13. Qg5  Nh5
14. Qc1  Bg5  15. Nd2
Qf6  16. Bxe6  fxe6
17. Qd1  Rf8  18. Rf1
Nd4  19. Nc4  Nf4
20. Nxd6+  Ke7  21. Nf5+
exf5  22. Nd5+  Kf7
23. Rg1  Nxd5  24. exd5
f4  25. c3  Nb5
26. Qxg4  e4  27. a4  Qxc3+
28. Ke2 Nd4+ 29. Kd1  Qxa1+  30.
Kd2  Qxg1  31. Qh5+  Kf6
32. h4  Qxf2+  33. Kc3
Rfc8+  34. Kb4  Nc2+
35. Ka5  Qc5#  0-1

[Event "MCR mladeze, Kouty 2018 - D10"]
[Site "Kouty nad Desnou"]
[Date "2018.03.16"]
[Round "8"]
[White "Hladka, Leontyna"]
[Black "Hosova, Stella"]
[Result "0-1"]
[WhiteElo "1078"]
[BlackElo "1100"]
[EventDate "2018.03.10"]

1. e4  e5  2. Nf3  Nc6
3. Bc4  Bc5  4. c3
d6  5. d4  Bb6
6. d5  Nce7  7. Bg5  h6
8. Bh4  g5  9. Bg3
Bd7  10. h3  Ng6
11. O-O  Nf6  12. Nbd2
g4  13. hxg4  Bxg4
14. Qc2  Bxf3  15. Nxf3
h5  16. Bh4  Nxh4
17. Nxh4  Ng4  18. Nf3
Qf6  19. Qd2  Qg7
20. Ng5  Rg8  21. Nf3
Nh2  22. Qg5  Nxf3+
23. Kh1  Qxg5  24. Rg1
Qh4# 0-1

[Event "MCR mladeze, Kouty 2018 - D10"]
[Site "Kouty nad Desnou"]
[Date "2018.03.16"]
[Round "8"]
[White "Vojcakova, Cecilie"]
[Black "Archlebova, Stela"]
[Result "0-1"]
[WhiteElo "1000"]
[BlackElo "1033"]
[EventDate "2018.03.10"]

1. d4  d5  2. Bf4  Bf5
3. e3  e6  4. c4
c5  5. cxd5  Qxd5
6. Nc3  Qd8  7. Nf3
Nc6  8. Bd3  Bg6
9. O-O  cxd4  10. exd4
Nxd4  11. Nxd4  Qxd4
12. Nb5  Qxf4  13. Rc1
Bd6  14. g3  Qe5
15. Qa4  Ke7  16. Bxg6
hxg6  17. Rfe1  Qh5
18. h4  g5  19. Rcd1
Bc5  20. Nc7  Rd8
21. Rxd8  Kxd8  22. Qe8+ Kxc7
23. Rd1  Qxd1+  24. Kg2  Nf6
25. Qxh8  Qd5+  26. Kf1
Qd2  27. Kg2  Qxf2+
28. Kh1  Qg1# 0-1

[Event "MCR mladeze, Kouty 2018 - D10"]
[Site "Kouty nad Desnou"]
[Date "2018.03.16"]
[Round "8"]
[White "Souralova, Jana"]
[Black "Stavova, Marketa"]
[Result "0-1"]
[WhiteElo "1016"]
[BlackElo "1004"]
[EventDate "2018.03.10"]

1. e4  e5  2. Nf3  Nc6
3. Nc3  Nf6  4. Bb5
d6  5. d4  exd4
6. Qxd4  Bd7  7. Bxc6  Bxc6
8. Bg5  Be7  9. O-O-O
O-O  10. Rhe1  Ng4
11. Bxe7  Qxe7  12. Nd5
Bxd5  13. exd5  Qd7
14. h3  Nf6  15. Qh4
Rfe8  16. g4 Rxe1  17. Rxe1
Nxd5  18. Ng5  h6
19. Nf3  Qc6  20. Nd4
Qa4  21. a3  Qxd4
22. Rd1  Qf4+  23. Kb1
Nb6  24. Qe7  Rc8
25. Re1  Qxf2  26. Re2
Qf1+  27. Re1  Qb5
28. Qe3  Nc4  29. Qc1
Nxa3+  30. Ka1  Nc4
31. Kb1  Re8  32. b3
Rxe1  33. Qxe1  Na3+
34. Kb2  Nc4+  35. Ka2
Qa5+  36. Qxa5  Nxa5
37. Ka3  g6  38. Ka4
b6  39. b4  Nc6
40. Kb5  Nd4+  41. Ka6  Nxc2
42. b5  Nd4  43. Kxa7
Nxb5+  44. Kb7  h5
45. g5  f5  46. gxf6
Kf7  47. Kc6  Kxf6
48. Kxb5  Kg5  49. Kc4
Kh4  50. Kd3  Kxh3
51. Ke4  g5  52. Kf3
g4+  53. Kf2  g3+
54. Kf1  Kh2  55. Ke2
g2  56. Kf2  g1=Q+
57. Kf3  Qe1  58. Kf4
Qe2  59. Kg5  Qe4
60. Kxh5  Kh3  61. Kg5
Qf3  62. Kg6  Kg2
63. Kg5  Kf2  64. Kh4
Qg2  65. Kh5  Kf3
66. Kh6  Kf4  67. Kh5
Qg5# 0-1

[Event "MCR mladeze, Kouty 2018 - D10"]
[Site "Kouty nad Desnou"]
[Date "2018.03.16"]
[Round "8"]
[White "Barteckova, Denisa"]
[Black "Svrchokrylova, Ludmila"]
[Result "1-0"]
[WhiteElo "1091"]
[BlackElo "1100"]
[EventDate "2018.03.10"]

1. e4  e5  2. Nf3  Nc6
3. Nc3  Bc5  4. Nxe5
Nb4  5. d4  Bb6
6. Bc4  d5  7. exd5  Nf6
8. Bg5  h6  9. Bh4
Qe7  10. O-O  Bf5
11. Bb3  O-O-O  12. Re1
Qf8  13. a3  Nbxd5
14. Nxd5  Nxd5  15. Bxd8
Ne7  16. Bxe7  Qxe7
17. Ng6  Qg5  18. Nxh8
Bh3  19. Re8+  Kd7
20. Ba4+  Kd6  21. Nxf7+
Kd5  22. Nxg5  Be6
23. Nxe6  Ba5  24. Qh5+
g5  25. Qf3+  Kc4
26. b3#  1-0

[Event "MCR mladeze, Kouty 2018 - D10"]
[Site "Kouty nad Desnou"]
[Date "2018.03.16"]
[Round "8"]
[White "Vojcakova, Anastazie"]
[Black "Barteckova, Valerie"]
[Result "1/2-1/2"]
[WhiteElo "1000"]
[BlackElo "1080"]
[EventDate "2018.03.10"]

1. d4  d5  2. Bf4  c6
3. e3  e6  4. c4
Nf6  5. Nc3  Ne4
6. Nxe4  dxe4  7. f3
f5  8. c5  Be7
9. Bc4  Bg5  10. Ne2  Bh4+
11. Ng3  g5  1/2-1/2

[Event "MCR mladeze, Kouty 2018 - D10"]
[Site "Kouty nad Desnou"]
[Date "2018.03.16"]
[Round "8"]
[White "Micova, Barbora"]
[Black "Hujerova, Melisa"]
[Result "1-0"]
[WhiteElo "1000"]
[BlackElo "1000"]
[EventDate "2018.03.10"]

1. e4  e5  2. Nf3  Nc6
3. Nc3  Nf6  4. Bb5
a6  5. Ba4  Bb4
6. d3  d6  7. O-O  Bg4
8. Bg5  O-O  9. Nd5
Qe8  10. Bxf6  Qe6
11. Bh4  Bc5  12. Re1
Qg6  13. Bxc6  Bh3
14. Ne7+  Kh8  15. Nxg6+
fxg6  16. gxh3  Rxf3
17. Qxf3  Kg8  18. Bd5+
Kh8  19. Bxb7  Rb8
20. Bxa6  h6  21. Kh1
Kh7  22. Rg1  g5 23. Qg3 gxh4
24. Qxg7# 1-0

[Event "MCR mladeze, Kouty 2018 - D10"]
[Site "Kouty nad Desnou"]
[Date "2018.03.16"]
[Round "8"]
[White "Mrazova, Vendula"]
[Black "Kosarova, Eliska"]
[Result "0-1"]
[WhiteElo "1100"]
[BlackElo "1000"]
[EventDate "2018.03.10"]

1. e4  e5  2. Nf3  Nc6
3. Bb5  a6  4. Bxc6
dxc6  5. d3  f6
6. Nc3  Bb4  7. Bd2  Bg4
8. h3  Bxf3  9. Qxf3
Qd4  10. Nb1 Qxb2  11. Bxb4
Qxb4+  12. Nd2  Qb2
13. O-O  Qxc2  14. Nb3
Ne7  15. Rfc1  Qb2
16. Qh5+  g6  17. Qf3
g5  18. Qxf6  Kd7
19. Qxg5  Ng6  20. Qg4+
Kd6  21. Qg3  Rhf8
22. Rf1  Rf7  23. Na5
Raf8  24. d4  Rxf2
25. Rxf2  Qxa1+  26. Kh2
b6  27. Nb7+  Kd7
28. Rxf8  Nxf8  29. Qxe5
a5  30. g4  Qxa2+
31. Kg3  a4  32. Qg7+
Ke8  33. e5  Qb3+
34. Kh4  a3  35. e6
Nxe6  36. Qxh7  a2
37. Kh5  a1=Q  38. Kg6
Qf1  39. Qh8+  Ke7
40. Qh7+  Ng7  41. Qxg7+
Ke6  42. d5+  cxd5
43. Nd8+  Kd6  44. Nb7+
Kc6  45. Nd8+  Kb5
46. Qd7+  Kb4  47. Nc6+ Ka3
48. Qe7+  Ka2  49. Nd4
Qg3  50. Nf5  Qxg4+
51. hxg4  c5  52. Ne3
Qd3+  53. Nf5  c4
54. Qe1 c3 55. Qe3  Qc4  56. Qc1
c2  57. Ne3  Qd3+
58. Nf5  b5  59. Qe1
b4 60. g5 b3  61. Kf6  b2
62. g6  b1=Q  63. Qxb1+
cxb1=Q 0-1

[Event "MCR mladeze, Kouty 2018 - D10"]
[Site "Kouty nad Desnou"]
[Date "2018.03.16"]
[Round "8"]
[White "Zamarska, Natalie"]
[Black "Souralova, Alena"]
[Result "1-0"]
[WhiteElo "1000"]
[BlackElo "1000"]
[EventDate "2018.03.10"]

1. e4  e5  2. Nf3  Nc6
3. d4  d6  4. d5
Nd4  5. Nxd4  exd4
6. Qxd4  Nf6  7. Bb5+
Bd7  8. Bxd7+  Qxd7
9. O-O  Be7  10. Nc3
O-O  11. e5  dxe5
12. Qxe5  Rae8  13. Qg3
g6  14. Bh6  Qf5
15. Bxf8  Rxf8  16. Rfe1
Re8  17. Qxc7  Qc8
18. Rxe7  Qxc7  19. Rxc7
b6  20. Rxa7  Rb8
21. Rd1  Kf8  22. d6
Ke8 23. d7+ Kd8  24. Nb5  Ne4
25. f3  Nc5  26. b4
Ne6  27. Nd6  Nf4 28. Nxf7+
Ke7  29. d8=Q+  Ke6
30. Re1+  Kf5  31. g4# 1-0

[Event "MCR mladeze, Kouty 2018 - D10"]
[Site "Kouty nad Desnou"]
[Date "2018.03.16"]
[Round "8"]
[White "Pecova, Melisa"]
[Black "Barteckova, Nikol"]
[Result "1-0"]
[WhiteElo "1000"]
[BlackElo "1000"]
[EventDate "2018.03.10"]

1. e4  e5  2. Nf3  Nc6
3. Bb5  Nf6  4. Nc3
Bb4  5. d3  O-O
6. Bg5  d6  7. Qd2  Bg4
8. h3  Bh5  9. O-O-O
Nb8  10. g4  Bg6
11. Qe3  a6  12. Nd5
Kh8  13. Bc4  Qe8
14. Nxf6  b5  15. Bd5
Qd8  16. Bxa8 c6 17. Nh5  Bd2+
18. Qxd2  Qc7  19. Ng3
Qa7  20. Qb4  c5
21. Qa5  Nc6  22. Bxc6
h6  23. Bh4  f5
24. Bxb5  Ra8  25. Bc6  Rc8
26. exf5  Bf7  27. Nh5
Rxc6  28. Qd8+  Bg8
29. Bf6  gxf6  30. Qxf6+
Kh7  31. Qg6+  Kh8
32. f6  Bf7  33. Qg7# 1-0

[Event "MCR mladeze, Kouty 2018 - D10"]
[Site "Kouty nad Desnou"]
[Date "2018.03.16"]
[Round "8"]
[White "Kubickova, Linda"]
[Black "Stavova, Lucie"]
[Result "0-1"]
[WhiteElo "1000"]
[BlackElo "1000"]
[EventDate "2018.03.10"]

1. e4  e5  2. Nf3 Nc6 3. Nc3  Nf6
4. Bd3  Bc5 5. Rf1  O-O
6. Ng5  d6  7. Bb5
Bd7  8. Bxc6  Bxc6
9. d3  Bd7  10. Qe2
Bg4  11. Qd2  Re8
12. f3  Be6  13. Qe2
Rc8  14. Be3  b6
15. O-O-O  a5  16. Bxc5
bxc5  17. Kb1  Rb8
18. Ka1  Qc8  19. Rb1
d5  20. Nd1  c4
21. Nxe6  Rxe6  22. dxc4  dxc4
23. Qxc4  Rb4  24. Qc3
Nd7  25. g3  Qb7
26. Re1  Rc6  27. Qa3
a4  28. b3  h6
29. Nc3  Rxc3  30. Rec1  Qb6
31. Rb2  axb3  32. cxb3
Rxc1+  33. Rb1  Qd4+
34. Qb2  Rxb1+  35. Kxb1
Qd1+  36. Qc1  Qd3+
37. Ka1  Qd4+  38. Kb1
Nc5  39. Qb2  Qd3+
40. Ka1  Qd1+  41. Qb1
Nxb3+  42. Kb2  Nd2+
43. Ka3  Qxb1  44. h4
Nc4# 0-1

[Event "MCR mladeze, Kouty 2018 - D12"]
[Site "Kouty nad Desnou"]
[Date "2018.03.10"]
[Round "1"]
[White "Voriskova, Anna"]
[Black "Ticha, Sofie"]
[Result "1-0"]
[WhiteElo "1521"]
[BlackElo "1086"]
[EventDate "2018.03.10"]

1. e4  e5  2. Nf3  Nc6
3. Bb5  d6  4. d4
a6  5. Bxc6+  bxc6
6. dxe5  Bg4  7. O-O
dxe5  8. Qxd8+  Rxd8
9. Nxe5  Nf6  10. Bg5
Rd6  11. Bxf6  Rxf6
12. Nxg4  Rg6  13. h3
Bc5  14. Nc3  O-O
15. Rad1  Re8  16. Rd3
h6  17. Rfd1  Kh7
18. Rd7  Bb6  19. Rxf7
Ree6  20. Rdd7  h5
21. Ne3  Re5  22. Nf5
Ree6  23. Nxg7  Re5
24. Nf5+  Kh8  25. Rh7+
Kg8  26. Rxh5  Kf8
27. Rh8+  Rg8  28. Rd8+
Re8  29. Rxe8+  Kxe8
30. Rxg8+  Kf7  31. Rb8
Ke6  32. h4  Kf7
33. h5  Kf6  34. h6
Ke6  35. Rxb6  cxb6
36. h7  Kd7  37. h8=Q
Kc7  38. Qg7+  Kc8
39. Nd6+  Kd8  40. e5
c5  41. e6  b5
42. Qd7#  1-0

[Event "MCR mladeze, Kouty 2018 - D12"]
[Site "Kouty nad Desnou"]
[Date "2018.03.10"]
[Round "1"]
[White "Folkova, Marketa"]
[Black "Pejrimovska, Viola Ruby"]
[Result "0-1"]
[WhiteElo "1027"]
[BlackElo "1444"]
[EventDate "2018.03.10"]

1. e4  c5  2. Nf3  e6
3. b3  a6  4. Bb2
d6  5. Nc3  Nf6
6. Be2  Be7  7. O-O  O-O
8. Re1  b5  9. d4
cxd4  10. Nxd4  Bb7
11. Bd3  Qc7  12. Qf3
Nc6  13. Nxc6  Bxc6
14. Qh3  Rac8  15. Rad1
h6  16. Qg3  Rfd8
17. Bc1  Kh8  18. e5
dxe5  19. Qxe5  Bd6
20. Qe3  Bxh2+  21. Kh1
Ng4  22. Rf1  Nxe3
23. Bxe3  Be5  0-1

[Event "MCR mladeze, Kouty 2018 - D12"]
[Site "Kouty nad Desnou"]
[Date "2018.03.10"]
[Round "1"]
[White "Fizerova, Lucie"]
[Black "Spacilova, Klara"]
[Result "1-0"]
[WhiteElo "1367"]
[BlackElo "1014"]
[EventDate "2018.03.10"]

1. e4  e5  2. Nf3  Nf6
3. Nxe5  Qe7  4. d4
d6  5. Nf3  Nxe4
6. Be2  d5  7. O-O
Qd8  8. Re1  Be7
9. Bd3  Nf6  10. Qe2
Be6  11. Nc3  O-O
12. Ng5  Qd7  13. Nxe6
fxe6  14. Qxe6+  Qxe6
15. Rxe6  Bb4  16. a3
Ba5  17. Bf4  Bb6
18. Nb5  Rf7  19. Be3
Nc6  20. Rd1  a6
21. Nc3  Bxd4  22. Rxc6
Bxe3  23. Rxf6  Rxf6
24. fxe3  Rd8  25. Be2
c6  26. Na4  Re8
27. Rd3  Re4  28. Nc5
Rc4  29. Rc3  Rxc3
30. bxc3  Rf7  31. Bg4
g6  32. Be6  1-0

[Event "MCR mladeze, Kouty 2018 - D12"]
[Site "Kouty nad Desnou"]
[Date "2018.03.10"]
[Round "1"]
[White "Seda, Michaela"]
[Black "Nagyova, Daniela"]
[Result "0-1"]
[WhiteElo "1250"]
[BlackElo "1313"]
[EventDate "2018.03.10"]

1. e4  e5  2. Nf3  Nc6
3. Bb5  a6  4. Bxc6
dxc6  5. Nc3  Bd6
6. d3  Nf6  7. Bg5
Bd7  8. O-O  h6
9. Bh4  g5  10. Bg3  Qe7
11. Re1  O-O-O  12. h3
g4  13. Nh4  gxh3
14. Nf3  hxg2  15. Kxg2
h5  16. d4  Ng4
17. Bh4  f6  18. d5  Rdg8
19. Bg3  h4  20. Nxh4
Rxh4  21. Bxh4  Ne3+
0-1

[Event "MCR mladeze, Kouty 2018 - D12"]
[Site "Kouty nad Desnou"]
[Date "2018.03.10"]
[Round "1"]
[White "Koci, Magda"]
[Black "Glasbergerova, Lucie"]
[Result "1-0"]
[WhiteElo "1301"]
[BlackElo "1222"]
[EventDate "2018.03.10"]

1. e4  e5  2. Nf3  Nc6
3. Bc4  Bc5  4. c3
Nf6  5. d4  exd4
6. O-O  Nxe4  7. cxd4
Bb4  8. a3  Be7
9. d5  Nb8  10. Re1  Nf6
11. Qe2  d6  12. Bg5
Nbd7  13. Nc3  c6
14. Rad1  h6  15. Bf4
a6  16. Bxd6  Ng8
17. Bxe7  Nxe7  18. d6
O-O  19. dxe7  Qe8
20. exf8=Q+  Qxf8  21. Qe8
Nf6  22. Bxf7+  Kh7
23. Qxf8  b5  24. Rd8
Bb7  25. Rxa8  Bxa8
26. Qxa8  g5  27. Ne4
Kg7  28. Nxf6  Kxf6
29. Qg8  1-0

[Event "MCR mladeze, Kouty 2018 - D12"]
[Site "Kouty nad Desnou"]
[Date "2018.03.10"]
[Round "1"]
[White "Zemanova, Nikola"]
[Black "Vankova, Marie"]
[Result "0-1"]
[WhiteElo "1173"]
[BlackElo "1291"]
[EventDate "2018.03.10"]

1. e4  e6  2. d4  d5
3. e5  c5  4. c3
Qb6  5. Nf3  Nc6
6. Be3  Qxb2  7. Qb3
Qxa1  8. Bc1  cxd4
9. Qc2  Bc5  10. Nfd2
Na5  11. Bb5+  Bd7
12. Bxd7+  Kxd7  13. Qa4+
Nc6  14. Qc2  d3
15. Qb3  Nb4  16. Qa4+
Kd8  17. cxb4  Qxe5+
18. Kd1  Qe2# 0-1

[Event "MCR mladeze, Kouty 2018 - D12"]
[Site "Kouty nad Desnou"]
[Date "2018.03.10"]
[Round "1"]
[White "Nespora, Tatana"]
[Black "Zelbova, Lada"]
[Result "0-1"]
[WhiteElo "1274"]
[BlackElo "1131"]
[EventDate "2018.03.10"]

1. e4  c5  2. Nf3  e6
3. d4  cxd4  4. Nxd4
Nf6  5. Nc3  Bb4
6. Bg5  Qa5  7. Bd2
Qe5  8. Nf3  Qc5
9. Bd3  O-O  10. O-O
Nc6  11. a3  Bxc3
12. Bxc3  e5  13. Qd2
d6  14. Kh1  Bg4
15. Nh4  Ne7  16. f4
Ng6  17. fxe5  dxe5
18. Nf5  Rfd8  19. Qg5
Bxf5  20. Rxf5  h6
21. Qg3  Re8  22. Raf1
Re6  23. b4  Qxc3
24. R5f3  Qd4  25. Rf5
Kf8  26. h3  Rae8
27. Qh2  R8e7  28. Rg1
Nxe4  0-1

[Event "MCR mladeze, Kouty 2018 - D12"]
[Site "Kouty nad Desnou"]
[Date "2018.03.10"]
[Round "1"]
[White "Coufalova, Laura"]
[Black "Trasakova, Adela"]
[Result "0-1"]
[WhiteElo "1089"]
[BlackElo "1227"]
[EventDate "2018.03.10"]

1. e4  c6  2. Nf3  d5
3. exd5  cxd5  4. d4
Nf6  5. Nc3  Nc6
6. Bb5  Bg4  7. Bg5
e6  8. O-O  Be7
9. Re1  O-O  10. Bxc6  bxc6
11. h3  Bxf3  12. Qxf3
Qb6  13. Qe3  Qxb2
14. Rec1  Qb7  15. Qg3
Rfd8  16. Bh6  Bf8
17. Bg5  Bd6  18. f4
Be7  19. Bh6  g6
20. Bg5  Nh5  21. Qh4
Bxg5  22. Qxg5  Ng7
23. Nd1  Nf5  24. Nf2
Nxd4  25. Kh1  Rab8
0-1

[Event "MCR mladeze, Kouty 2018 - D12"]
[Site "Kouty nad Desnou"]
[Date "2018.03.10"]
[Round "1"]
[White "Rolinkova, Adela"]
[Black "Sehnoutkova, Laura"]
[Result "1-0"]
[WhiteElo "1209"]
[BlackElo "1079"]
[EventDate "2018.03.10"]

1. e4  c5  2. Nf3  Nc6
3. d4  cxd4  4. Nxd4
g6  5. f4  Bg7
6. Nf3  e6  7. Nc3  Nge7
8. Bd3  d5  9. e5
O-O  10. O-O  a6
11. b3  d4  12. Ne2
b5  13. Bb2  f6
14. Nexd4  fxe5  15. Nxc6  Nxc6
16. fxe5  Bb7  17. c4
Qb6+  18. Kh1  Rfd8
19. Qe2  bxc4  20. Bxc4
Bc8  21. Ng5  Nd4
22. Bxd4  Rxd4  23. Qf2
Bd7  24. Qf7+  Kh8
25. Nf3  Be8  26. Qe7
Rd7  27. Qxe6  Qxe6
28. Bxe6  Re7  29. Bc4
Bb5  30. Bxb5  axb5
31. Rfe1  Rae8  32. a4
bxa4  33. bxa4  Bxe5
34. Nxe5  Rxe5  35. Rxe5
Rxe5  36. a5  Re8
37. a6  Ra8  38. a7
Kg7  39. Kg1  Kf7
40. Kf2  Ke7  41. Ke3
Kd7  42. Kf4  h6
43. h4  Kc7  44. Ke5
Kb7  45. Kf6  Rxa7
46. Rxa7+  Kxa7  47. Kxg6
Kb7  48. Kxh6  Kc7
49. g4  Kd7  50. g5
Ke7  51. g6  Kf8
52. Kh7  Ke7  53. g7
1-0

[Event "MCR mladeze, Kouty 2018 - D12"]
[Site "Kouty nad Desnou"]
[Date "2018.03.10"]
[Round "1"]
[White "Stastna, Alena"]
[Black "Novakova, Barbora"]
[Result "1/2-1/2"]
[WhiteElo "1067"]
[BlackElo "1188"]
[EventDate "2018.03.10"]

1. e4  c5  2. Nf3  Nc6
3. d4  cxd4  4. Nxd4
e5  5. Nxc6  bxc6
6. Nc3  Bb4  7. Qd3 d5
8. exd5  cxd5  9. a3
Bxc3+  10. Qxc3  f6
11. Qc6+  Qd7  12. Bb5
Kd8  13. Qxa8  Qxb5
14. Qxa7  Ba6  15. c4
Qxc4  16. Qb6+  Ke7
17. Qa7+  Ke6  18. Qe3
Ne7  19. b3  Qc7
20. Bd2  Nf5  21. Qc3
Qa7  22. Qc6+  Nd6
23. Bb4  Rd8  24. Bc5
Qa8  25. Qxa8  Rxa8
26. Bxd6  Kxd6  27. Rc1
d4  28. f3  Bb7
29. a4  e4  30. fxe4  Bxe4
31. Kf2  Rb8  32. a5
Rxb3  33. Rhd1  Rb2+
34. Ke1  d3  35. a6
Re2+  36. Kf1  Bxg2+
37. Kg1  d2  38. a7
Ke7  39. Ra1  f5
40. Rf1  Ba8  41. Rfd1
f4  42. Kf1  Rxh2
43. Ra2  Rh1+  44. Ke2
f3+  45. Kxd2  Rh2+
46. Ke3  Rxa2  47. Kf4
Rxa7  48. Re1+  Kf6
49. Rb1  g5+  50. Kg4
f2  51. Kg3  Ra3+
52. Kh2  h5  53. Rb6+
Kf7  54. Rb7+  Bxb7
1/2-1/2

[Event "MCR mladeze, Kouty 2018 - D12"]
[Site "Kouty nad Desnou"]
[Date "2018.03.10"]
[Round "1"]
[White "Szuscikova, Natalie"]
[Black "Stribna, Julie"]
[Result "0-1"]
[WhiteElo "1181"]
[BlackElo "1061"]
[EventDate "2018.03.10"]

1. e4  e5  2. Nf3  Nc6
3. d4  exd4  4. Bc4
Nf6  5. O-O  Bc5
6. c3  dxc3  7. Nxc3
d6  8. Bg5  O-O
9. Nd5  Be6  10. Nxf6+  gxf6
11. Bh6  Bxc4  12. Nd2
Be6  13. Bxf8  Qxf8
14. Qf3  Kh8  15. Qxf6+
Qg7  16. Qxg7+  Kxg7
17. Nf3  Rg8  18. Ng5
Bc4  19. Rfc1  Ba6
20. Rc3  Nd4  21. Kh1
Ne2  22. Rh3  h6
23. Nf3  Bxf2  24. e5
Nf4  25. exd6  Nxh3
26. gxh3  cxd6  27. Rc1
Bb5  28. Rc2  Bc5
29. Ne5  Kf6  30. Ng4+
Ke7  31. Rc1  Bc6#
0-1